000 01064nam a22002777a 4500
999 _c114699
_d114699
003 dpl
005 20190308140015.0
008 190308b ||||| |||| 00| 0 eng d
010 _aA-716826
020 _c80.00
_a8186311076
035 _aA-716826, A-716853
037 _bCen Lib/Ret
040 _aDPL
_bHN
_c0
082 _a
_bखानउ
100 _aखान, उषाकिरण
_943761
245 _aगीली पांक /
_cउषाकिरण खान
246 _aGeeli paank /
_bby Ushakiran Khan
260 _aनई दिल्ली
_bप्रकाशन संस्थान
_c1995
270 _bनई दिल्ली
_a4715/21, दयानन्द मार्ग, दरियागंज
_e110002
300 _a121पृ.
_c20सेमी (सजिल्द)
650 _aहिन्दी -- साहित्य
_957954
650 _aहिन्दी -- कहानी
_9779
650 _aHindi -- Literature
_957955
650 _aHindi -- Story
_943117
942 _2ddc
_cHN
_h
_mखानउ